000 00280nam a2200109Ia 4500
008 190216s9999||||xx |||||||||||||| ||und||
100 _aWilliam D Marakkal Roy
245 0 _aKosha Physiologyum Jeeva Resathanthravum
260 _bKerala Basha Inst
650 _aBotany
942 _cBK
999 _c38695
_d38695